000 00673nam a22002297a 4500
001 0011926
003 DO-SdBNP
005 20180216100707.0
007 0011926
008 161207b 1979 xx||||| |||| 00| 0 spa d
020 _a9780590472029
040 _aBPMSU
_bspa
_cBPMSU
100 1 _aMcNulty, Faith
245 1 _aCómo cavar un hoyo hasta el otro lado del mundo /
_cFaith McNulty ; ilustraciones Marc Simont
260 _aNew York :
_bScholastic ,
_c1979
300 _a32 p. :
_bil.,
_c25 cm.
700 1 _aSimont, Marc,
_eil.
910 _aInventariado, 2018/MFF
942 _2ddc
_cBK
945 _aInventariado, 2018/MFF
956 _aBTAVÁREZ
_b10
_c20161207
_d0011926
999 _c12350
_d12350